Welcome to WEB OPAC of MRSPTU Central Library

Genetics of Flowering Plants (Record no. 7562)

MARC details
000 -LEADER
fixed length control field 00396nam a2200157Ia 4500
008 - FIXED-LENGTH DATA ELEMENTS--GENERAL INFORMATION
fixed length control field 230711s9999||||xx |||||||||||||| ||und||
020 ## - INTERNATIONAL STANDARD BOOK NUMBER
International Standard Book Number 978-81-261-3428-1
041 ## - LANGUAGE CODE
Language code of text/sound track or separate title ENG
082 ## - DEWEY DECIMAL CLASSIFICATION NUMBER
Classification number 582.1304
Item number UP-G
100 ## - MAIN ENTRY--PERSONAL NAME
Personal name Upadhyaya, R.C.
245 #0 - TITLE STATEMENT
Title Genetics of Flowering Plants
260 ## - PUBLICATION, DISTRIBUTION, ETC.
Date of publication, distribution, etc. 2008
Place of publication, distribution, etc. New Delhi
Name of publisher, distributor, etc. Anmol Publication(P) Ltd.
300 ## - PHYSICAL DESCRIPTION
Extent 272p.
650 ## - SUBJECT ADDED ENTRY--TOPICAL TERM
Topical term or geographic name entry element Agriculture
942 ## - ADDED ENTRY ELEMENTS (KOHA)
Koha item type Book
Holdings
Withdrawn status Lost status Damaged status Not for loan Collection Home library Current library Date acquired Total checkouts Full call number Barcode Date last seen Price effective from Koha item type
          MRSPTU Central Library MRSPTU Central Library     582.1304 UP-G P2173 08/17/2023 08/17/2023 Book
          MRSPTU Central Library MRSPTU Central Library     582.1304 UP-G P2174 08/17/2023 08/17/2023 Book
          MRSPTU Central Library MRSPTU Central Library     582.1304 UP-G P2175 08/17/2023 08/17/2023 Book
          MRSPTU Central Library MRSPTU Central Library     582.1304 UP-G P2176 08/17/2023 08/17/2023 Book
          MRSPTU Central Library MRSPTU Central Library     582.1304 UP-G P2177 08/17/2023 08/17/2023 Book

Website Designed and Developed by MRSPTU Central Library Team

E-mail Id: librarian@mrsptu.ac.in